Data mining
Stručný popis základných princípov metód používaných pre dobývanie zlaností z databáz v štatistike. Proces a metódy dobývania znalostí (data mining).
Na minha lista:
| Autor principal: | |
|---|---|
| Formato: | Capítulo de Livro |
| Idioma: | tcheco |
| Assuntos: | |
| Tags: |
Sem tags, seja o primeiro a adicionar uma tag!
|
MARC
| LEADER | 00000naa a2200000 4500 | ||
|---|---|---|---|
| 001 | r048738 | ||
| 005 | 20231002094223.7 | ||
| 041 | 0 | |a cze | |
| 044 | |a CZ | ||
| 245 | 1 | 0 | |a Data mining |c Petr Berka |
| 520 | |a Stručný popis základných princípov metód používaných pre dobývanie zlaností z databáz v štatistike. Proces a metódy dobývania znalostí (data mining). | ||
| 610 | 2 | 0 | |a štatistika |
| 610 | 2 | 0 | |a metódy štatistické |
| 610 | 2 | 0 | |a modely štatistické |
| 610 | 2 | 0 | |a získavanie informácií |
| 610 | 2 | 0 | |a dáta |
| 100 | 1 | |a Berka, Petr | |